000
00327nam a22001457a 4500
008
221006b ||||| |||| 00| 0 eng d
020
_a
9781496338419
041
_a
eng
080
_2
15th edition
_a
610.73
082
_a
610.73 JUA
100
_a
6
101
_a
INF
245
_a
NURSING DIAGNOSIS
_c
JUALL L
942
_2
udc
_c
BK
999
_c
58367
_d
58367